Normal view
MARC view
- Nonlinear mechanics
Entry Topical Term
001 - CONTROL NUMBER
- control field: 83742
003 - CONTROL NUMBER IDENTIFIER
- control field: NUST
005 - DATE AND TIME OF LATEST TRANSACTION
- control field: 20211109130336.0
008 - FIXED-LENGTH DATA ELEMENTS
- fixed length control field: 211109|| aca||aabn | a|a d
040 ## - CATALOGING SOURCE
- Original cataloging agency: NUST
- Transcribing agency: NUST
150 ## - HEADING--TOPICAL TERM
- Topical term or geographic name entry element: Nonlinear mechanics
670 ## - SOURCE DATA FOUND
- Source citation: Work cat.: (NUST)173256: Nayfeh, Ali Hasan, 1933- 83740, Linear and nonlinear structural mechanics /, c2004.
